000 00571nam a22001697a 4500
003 BD-ChCU
005 20251123094123.0
008 251123b bg ||||| |||| 00| 0 ben d
040 _cBD-ChCU
082 _a181.11 SOA
100 _aSoothill , William Edward, tr.
_916576
245 _aThe analects or the conversation of confucius with his disciples and certain others, as translated into english ed./
_cWilliam Edward , Soothill . tr.
260 _aLondon :
_bO.U.P. ,
_cC 1962
300 _a1x , 254p
650 0 _aPhilosophy - Chinese.
_916577
942 _2ddc
_cBK
_n0
999 _c109664
_d109664